|
|
|
|
| LEADER |
00000cam a2200000 4500 |
| 001 |
vtls011741824 |
| 003 |
SK-MaSNL |
| 005 |
20260301183117.0 |
| 008 |
200228s2018 xr oc g 001 0 cze |
| 015 |
|
|
|a SNBZSA2018/04
|
| 020 |
|
|
|a 9788075058768
|q (viazané)
|
| 035 |
|
|
|a urn:nbn:sk:snk-am00damn
|
| 035 |
|
|
|a urn:nbn:sk:snk-am3hvnt
|
| 035 |
|
|
|a CF8D14A1-2C61-4385-81B2-ECBD9AF023D8
|
| 040 |
|
|
|a SNK
|b slo
|c SNK
|e rda
|
| 041 |
0 |
|
|a cze
|
| 043 |
|
|
|a e-cs---
|a e-xr---
|
| 044 |
|
|
|a xr
|c CZ
|
| 072 |
|
7 |
|a 929
|x Biografie
|2 konspekt
|
| 072 |
|
7 |
|a 94(437)
|x Dejiny Československa
|2 konspekt
|
| 080 |
|
|
|a 32-051
|2 2011
|
| 080 |
|
|
|a 316.64
|2 2011
|
| 080 |
|
|
|a 32(091)
|2 2011
|
| 080 |
|
|
|a 94(437)
|2 2011
|
| 080 |
|
|
|a 94(437.3)
|2 2011
|
| 080 |
|
|
|a 328/329
|2 2011
|
| 080 |
|
|
|a (092)
|2 2011
|
| 080 |
|
|
|a (0.062)
|2 2011
|
| 100 |
1 |
|
|a Liška, Vladimír,
|d 1955-
|4 aut
|9 123840
|
| 245 |
1 |
0 |
|a Prezidenti
|c Vladimír Liška
|
| 264 |
|
1 |
|a Praha
|b XYZ
|c 2017
|
| 300 |
|
|
|a 220 strán
|b ilustrácie, portréty
|c 22 cm
|
| 336 |
|
|
|a text
|b txt
|2 rdacontent
|
| 337 |
|
|
|a bez média
|b n
|2 rdamedia
|
| 338 |
|
|
|a zväzok
|b nc
|2 rdacarrier
|
| 504 |
|
|
|a Bibliografia na strane 213-215 ; menný register
|
| 648 |
|
7 |
|a 20.-21. stor.
|2 SNKPH
|9 270701
|
| 650 |
0 |
7 |
|a prezidenti
|2 SNKPH
|9 4128
|
| 650 |
0 |
7 |
|a politici
|2 SNKPH
|9 2679
|
| 650 |
0 |
7 |
|a názory a postoje
|2 SNKPH
|9 4303
|
| 650 |
0 |
7 |
|a politické dejiny
|2 SNKPH
|9 69271
|
| 650 |
0 |
7 |
|a Presidents
|2 SNKPHeng
|9 277474
|
| 650 |
0 |
7 |
|a Views and attitudes
|2 SNKPHeng
|9 306968
|
| 650 |
0 |
7 |
|a Political history
|2 sNKPHeng
|9 277990
|
| 650 |
0 |
7 |
|a Politicians
|2 SNKPHeng
|9 281560
|
| 650 |
0 |
7 |
|a politika a vláda
|2 SNKPH
|9 3868
|
| 650 |
0 |
7 |
|a Politics and government
|2 SNKPHeng
|9 280895
|
| 651 |
|
7 |
|a Československo
|x dejiny
|2 SNKPH
|9 161432
|
| 651 |
|
7 |
|a Česko
|x dejiny
|2 SNKPH
|9 58420
|
| 651 |
|
7 |
|a Czechoslovakia
|x History
|2 SNKPHeng
|9 125910
|
| 651 |
|
7 |
|a Czech Republic
|x history
|2 SNKPHeng
|9 313106
|
| 655 |
|
7 |
|a biografie
|2 SNKPH
|9 27965
|
| 655 |
|
7 |
|a populárno-náučné publikácie
|2 SNKPH
|9 70460
|
| 655 |
|
7 |
|a Biography
|2 SNKPHeng
|9 266314
|
| 655 |
|
7 |
|a Popular works
|2 SNKPHeng
|9 90287
|
| 852 |
|
|
|a Štátna vedecká knižnica v Banskej Bystrici
|
| 919 |
|
|
|a 978-80-7505-876-8
|
| 958 |
|
|
|a ZS
|
| 958 |
|
|
|a NB
|
| 999 |
|
|
|c 855893
|d 857823
|
| 952 |
|
|
|a SNK
|b SNK
|y PREZ
|7 0
|p 17A1322577
|o snkSC 178797
|i snk2018/6669
|8 4
|g 9.08
|0 0
|1 0
|4 0
|d 2018-03-07
|f 1
|l 0
|r 2025-09-19 00:00:00
|w 2026-02-24
|
| 952 |
|
|
|a SNK
|b SNK
|y PREZ
|7 0
|p 17A1334367
|o snkSC 178797 D2
|i snk2018/16494
|8 2
|g 9.63
|0 0
|1 0
|4 0
|d 2018-07-11
|l 0
|r 2026-02-24 04:56:05
|w 2026-02-24
|
| 952 |
|
|
|t snkPRE 32:929
|a SNKUST
|b SNKUST
|y PREZ
|7 0
|p 17A1323985
|o snkSC 178797 D1
|i snk2018/10234
|8 4
|g 8.97
|0 0
|1 0
|4 0
|d 2018-04-13
|l 0
|r 2025-04-28 00:00:00
|w 2026-02-24
|